Normal view MARC view
  • Inge, William

Entry Personal Name

Number of records used in: 1

001 - CONTROL NUMBER

  • control field: 153733

003 - CONTROL NUMBER IDENTIFIER

  • control field: DLC

005 - DATE AND TIME OF LATEST TRANSACTION

  • control field: 20260416133508.0

008 - FIXED-LENGTH DATA ELEMENTS

  • fixed length control field: 800523n| azannaabn |a aaa

010 ## - LIBRARY OF CONGRESS CONTROL NUMBER

  • LC control number: n 50027125

024 7# - OTHER STANDARD IDENTIFIER

  • Standard number or code: http://dbpedia.org/resource/William_Inge
  • Source of number or code: uri

024 7# - OTHER STANDARD IDENTIFIER

  • Standard number or code: Q982880
  • Source of number or code: uri

024 7# - OTHER STANDARD IDENTIFIER

  • Standard number or code: http://www.wikidata.org/entity/Q982880
  • Source of number or code: uri

035 ## - SYSTEM CONTROL NUMBER

  • System control number: (OCoLC)oca00062510

040 ## - CATALOGING SOURCE

  • Original cataloging agency: DLC
  • Language of cataloging: eng
  • Description conventions: rda
  • Transcribing agency: DLC
  • Modifying agency: DLC
  • Modifying agency: KU
  • Modifying agency: OCoLC
  • Modifying agency: NcU
  • Modifying agency: WaU
  • Modifying agency: OCoLC

046 ## - SPECIAL CODED DATES

  • Birth date: 1913-05-03
  • Death date: 1973-06-10
  • Source of date scheme: edtf

053 #0 - LC CLASSIFICATION NUMBER

  • Classification number element--single number or beginning number of span: PS3517.N265

100 1# - HEADING--PERSONAL NAME

  • Personal name: Inge, William

368 ## - OTHER ATTRIBUTES OF PERSON OR CORPORATE BODY

  • Other designation: Americans
  • Source: lcdgt

370 ## - ASSOCIATED PLACE

  • Place of birth: Independence (Kan.)
  • Place of death: Los Angeles (Calif.)
  • Associated country: United States
  • Source of term: naf

372 ## - FIELD OF ACTIVITY

  • Field of activity: Drama
  • Field of activity: Novels
  • Field of activity: Screenplays
  • Source of term: lcgft

372 ## - FIELD OF ACTIVITY

  • Field of activity: Playwriting
  • Field of activity: Motion picture authorship
  • Source of term: lcsh

374 ## - OCCUPATION

  • Occupation: Playwrights
  • Occupation: Novelists
  • Occupation: Screenwriters
  • Source of term: lcdgt

374 ## - OCCUPATION

  • Occupation: Dramatists
  • Source of term: lcsh

377 ## - ASSOCIATED LANGUAGE

  • Language code: eng

378 ## - FULLER FORM OF PERSONAL NAME

  • Fuller form of personal name: William Motter

400 1# - SEE FROM TRACING--PERSONAL NAME

  • Control subfield: nna
  • Personal name: Inge, William Motter

500 1# - SEE ALSO FROM TRACING--PERSONAL NAME

  • Control subfield: r
  • Relationship information: Alternate identity:
  • Personal name: Gage, Walter

670 ## - SOURCE DATA FOUND

  • Source citation: His Come back, little Sheba, 1950.

670 ## - SOURCE DATA FOUND

  • Source citation: McClure, A.F. A bibliographic guide to the works of William Inge (1913-1973), 1991:
  • Information found: CIP t.p. (William Inge; (1913-1973)) vita (b. 05-03-13 in Independence, Kan.; d. 06-10-73 in Los Angeles) p. 144 (the screenplay for the film version of Inge's play, Bus Riley's back in town, was credited to Walter Gage, which is a pseudonym for William Inge)

670 ## - SOURCE DATA FOUND

  • Source citation: Wikipedia, June 16, 2018
  • Information found: (William Inge; William Motter Inge (May 3, 1913-June 10, 1973); American playwright and novelist; born in Independence, Kansas; died of suicide by carbon monoxide poisoning)
Devinim Yazılım Eğitim Danışmanlık tarafından Koha'nın orjinal sürümü uyarlanarak geliştirilip kurulmuştur.